Mathematical Statistics: basic ideas and selected topics (Record no. 1308895)

MARC details
000 -LEADER
fixed length control field 01362nam a2200253 4500
005 - DATE AND TIME OF LATEST TRANSACTION
control field 20250411152239.0
008 - FIXED-LENGTH DATA ELEMENTS--GENERAL INFORMATION
fixed length control field 250411b |||||||| |||| 00| 0 eng d
020 ## - INTERNATIONAL STANDARD BOOK NUMBER
International Standard Book Number 9780367240998
037 ## - SOURCE OF ACQUISITION
Terms of availability Textual
040 ## - CATALOGING SOURCE
Original cataloging agency RTL
Transcribing agency RTL
084 ## - COLON CLASSIFICATION NUMBER
Classification number B28 Q5.1
Assigning agency RTL
100 ## - MAIN ENTRY--PERSONAL NAME
Personal name Bickel, Peter J.
9 (RLIN) 430546
245 ## - TITLE STATEMENT
Title Mathematical Statistics: basic ideas and selected topics
250 ## - EDITION STATEMENT
Edition statement 2nd
260 ## - PUBLICATION, DISTRIBUTION, ETC.
Place of publication, distribution, etc. Boca Raton
Name of publisher, distributor, etc. CRC Press
Date of publication, distribution, etc. 2015
300 ## - PHYSICAL DESCRIPTION
Extent xxiv, 556 p.
Other physical details Includes index
490 ## - SERIES STATEMENT
Series statement Texts in statistical science
520 ## - SUMMARY, ETC.
Summary, etc. Volume I presents fundamental, classical statistical concepts at the doctorate level without using measure theory. It gives careful proofs of major results and explains how the theory sheds light on the properties of practical methods. Volume II covers a number of topics that are important in current measure theory and practice. It emphasizes nonparametric methods which can really only be implemented with modern computing power on large and complex data sets. In addition, the set includes a large number of problems with more difficult ones appearing with hints and partial solutions for the instructor.
650 ## - SUBJECT ADDED ENTRY--TOPICAL TERM
Topical term or geographic name entry element Mathematical statistics
9 (RLIN) 718580
650 ## - SUBJECT ADDED ENTRY--TOPICAL TERM
Topical term or geographic name entry element Mathematics
650 ## - SUBJECT ADDED ENTRY--TOPICAL TERM
Topical term or geographic name entry element Statistical Science
9 (RLIN) 733466
700 ## - ADDED ENTRY--PERSONAL NAME
Personal name Doksum, Kjell A.
Relator term Co-author
9 (RLIN) 430547
942 ## - ADDED ENTRY ELEMENTS (KOHA)
Source of classification or shelving scheme Colon Classification (CC)
Suppress in OPAC No
Koha item type Textbook
Classification part B28 Q5.1
Holdings
Withdrawn status Lost status Source of classification or shelving scheme Damaged status Not for loan Home library Current library Date acquired Total Checkouts Full call number Barcode Date last seen Price effective from Koha item type
    Colon Classification (CC)     Ratan Tata Library Ratan Tata Library 2025-04-11   B28 Q5.1 RT1585211 2025-04-11 2025-04-11 Textbook
Copyright @ Delhi University Library System